| 000 | 01254nam a2200277 4500 | ||
|---|---|---|---|
| 003 | OSt | ||
| 005 | 20170731123812.0 | ||
| 008 | s2005 uk eng u | ||
| 020 | _a9780194420983 | ||
| 040 |
_aLB-BrCRDP _cCRDP |
||
| 041 | _aang | ||
| 082 | 1 |
_a428.7 _bSWA |
|
| 100 | 1 | _aSwan, Michael | |
| 245 | 1 | 0 |
_aPractical English Usage _cMichael Swan |
| 250 | _a3rd ed. | ||
| 260 |
_aOxford _bOxford university press _c2005 |
||
| 300 |
_a658 p. _c24 cm |
||
| 500 | _aContents summary, index. | ||
| 505 | _aContents overview Language terminology 130 common mistakes Phonetic alphabet Practical english usage | ||
| 520 | _aWith over one and a half million copies sold worldwide, Practical English Usage is the indispensable reference book on language problems in English for teachers and higher-level learners. - Over 600 entries cover all the important problem - Information on grammar, vocabulary, idiom, style, pronunciation, spelling - Clear simple explanations - Examples of everyday usage and common mistakes - British-American differences | ||
| 650 | 0 |
_aEnglish language _9130 |
|
| 650 | 0 |
_avocabulary _9137 |
|
| 650 | 0 |
_aGrammar _9131 |
|
| 942 |
_cBK _2ddc |
||
| 999 |
_c4373 _d4373 |
||